| 000 | 00402nam a2200157Ia 4500 | ||
|---|---|---|---|
| 008 | 230312s9999||||xx |||||||||||||| ||und|| | ||
| 020 | _a0-13-030754-8 | ||
| 082 |
_a005.75 _bLUL |
||
| 100 | _aLulushi Albert | ||
| 245 | 0 | _aOracle Forms Developer's Handbook | |
| 260 |
_bPrentice Halll _aNew Jersey _c2001 |
||
| 300 | _a974 | ||
| 546 | _aEng. | ||
| 650 |
_aComputer _vDeveloping First Form |
||
| 942 | _cBK | ||
| 999 |
_c2896 _d2896 |
||